| 000 | 00507nam a2200169Ia 4500 | ||
|---|---|---|---|
| 008 | 231221s9999 xx 000 0 und d | ||
| 020 | _a9790000000000 | ||
| 041 | _aEnglish | ||
| 082 | _a001.64404ECOM LAU;1 R | ||
| 100 | _aLaudon, Kenneth C. Traver, Carol Guerico. | ||
| 245 | 0 | _aE-Commerce, business technology, society | |
| 250 | _a4th ed. | ||
| 260 |
_c2009 _bDorling Kindersley _aNew Delhi |
||
| 300 | _axxxiv, 809+R-16+I-33 | ||
| 650 | _aE-Commerce,,business,technology,,society | ||
| 942 | _cBC | ||
| 999 |
_c212960 _d212960 |
||